000 00439nmm a2200157Ia 4500
008 251105s9999||||xx |||||||||||||||||und||
020 _a9788498387421
041 _aspa
100 _aGalbraith, Robert
245 0 _aEl oficio del mal
264 _a[Madrid, España] :
_bEdiciones Salamandra,
_c2016
300 _a576 páginas
650 _aThriller & Suspense
856 _uhttps://public.digitaliapublishing.com/a/48364
942 _cCF
999 _c91833
_d91833